Nuestro planeta, nuestra salud : informe de la comisión de salud y medio ambiente de la oms /
Guardado en:
| Formato: | Libro |
|---|---|
| Publicado: |
Estados Unidos de América :
Ops,
1993
|
| Series: | Publicación Científica ; No. 544
|
| Materias: | |
| Etiquetas: |
Agregar Etiqueta
Sin Etiquetas, Sea el primero en etiquetar este registro!
|
| LEADER | 00644nam a22002055a 4500 | ||
|---|---|---|---|
| 001 | CEM.cems007391 | ||
| 005 | 20060214000000.0 | ||
| 008 | 130507s1993##################000#0#####d | ||
| 003 | CEMS | ||
| 082 | 0 | 4 | |a 614.7 |
| 245 | 0 | 0 | |a Nuestro planeta, nuestra salud : |b informe de la comisión de salud y medio ambiente de la oms / |
| 260 | |a Estados Unidos de América : |b Ops, |c 1993 | ||
| 300 | |a 338 p. | ||
| 490 | 0 | |a Publicación Científica ; No. 544 | |
| 653 | |a Agricultura y salud | ||
| 653 | |a Agua | ||
| 653 | |a Agua y salud | ||
| 653 | |a Agua-contaminacion | ||
| 653 | |a Alimentacion | ||
| 859 | |a CEMS |b BIB. CEMS - 11 de abril |h 614.7 |i Or14-1 |p 17269.93 |t Ej.1 | ||
